[Event "Asian Juniors Chess Championship 2022"]
[Site "Knights Templar Hotel, Tagaytay City"]
[Date "2022.11.25"]
[Round "9"]
[Board "16"]
[White "Okabe, Yuma"]
[Black "Sarmiento, Cyle"]
[Result "1-0"]
[WhiteElo "1769"]
[BlackElo "1258"]
[PlyCount "49"]
[EventDate "2022.11.19"]
[EventRounds "9"]
[EventCountry "ACF"]

1. e4 c5 2. Nc3 d6 3. f4 Nc6 4. Nf3 Bg4 5. Bb5 a6 6. Bxc6+ bxc6 7. O-O e5 8. h3 Bxf3
9. Qxf3 exf4 10. e5 Qd7 11. Qxf4 dxe5 12. Qxe5+ Ne7 13. Ne4 Qd4+ 14. Qxd4 cxd4 15.
Nd6+ Kd7 16. Nxf7 Rg8 17. d3 h6 18. Ne5+ Ke6 19. Bf4 g5 20. Bh2 Bg7 21. Rae1 Kd5
22. Nd7 Nc8 23. Rf5+ Be5 24. Rfxe5+ Kd6 25. Re7+  1-0